Профессору Ю. И. Тюрину - 60 лет; Известия Томского политехнического университета [Известия ТПУ]; Т. 317, № 4: Энергетика
| Parent link: | Известия Томского политехнического университета [Известия ТПУ]/ Томский политехнический университет (ТПУ).— , 2000- Т. 317, № 4: Энергетика.— 2010.— [С. 181-182] |
|---|---|
| Summary: | Заглавие с титульного листа Электронная версия печатной публикации Юрию Ивановичу Тюрину, доктору физико-математических наук, профессору Томского политехнического университета исполнилось 60 лет. |
| Language: | Russian |
| Published: |
2010
|
| Series: | Наши юбиляры |
| Subjects: | |
| Online Access: | http://www.lib.tpu.ru/fulltext/v/Bulletin_TPU/2010/v317/i4/43.pdf |
| Format: | Electronic Book Chapter |
| KOHA link: | https://koha.lib.tpu.ru/cgi-bin/koha/opac-detail.pl?biblionumber=192990 |
MARC
| LEADER | 00000nla2a2200000 4500 | ||
|---|---|---|---|
| 001 | 192990 | ||
| 005 | 20231031181608.0 | ||
| 035 | |a (RuTPU)RU\TPU\book\210420 | ||
| 035 | |a RU\TPU\book\210418 | ||
| 090 | |a 192990 | ||
| 100 | |a 20110311d2010 k y0rusy50 ca | ||
| 101 | 0 | |a rus | |
| 102 | |a RU | ||
| 135 | |a drnn ---uucaa | ||
| 181 | 0 | |a i | |
| 182 | 0 | |a b | |
| 200 | 1 | |a Профессору Ю. И. Тюрину - 60 лет |b Электронный ресурс | |
| 203 | |a Текст |c электронный | ||
| 215 | |a 1 файл (64 Кб) | ||
| 225 | 1 | |a Наши юбиляры | |
| 230 | |a Электронные текстовые данные (1 файл : 64 Кб) | ||
| 300 | |a Заглавие с титульного листа | ||
| 300 | |a Электронная версия печатной публикации | ||
| 330 | |a Юрию Ивановичу Тюрину, доктору физико-математических наук, профессору Томского политехнического университета исполнилось 60 лет. | ||
| 337 | |a Adobe Reader | ||
| 461 | 1 | |0 (RuTPU)RU\TPU\book\176237 |t Известия Томского политехнического университета [Известия ТПУ] |f Томский политехнический университет (ТПУ) |d 2000- | |
| 463 | 1 | |0 (RuTPU)RU\TPU\book\210108 |t Т. 317, № 4: Энергетика |v [С. 181-182] |d 2010 |p 196 с. | |
| 600 | 1 | |a Тюрин |b Ю. И. |c физик |c профессор Томского политехнического университета, доктор физико-математических наук |f 1950- |g Юрий Иванович |y Томск |2 stltpush |3 (RuTPU)RU\TPU\pers\19873 | |
| 610 | 1 | |a труды учёных ТПУ | |
| 610 | 1 | |a электронный ресурс | |
| 801 | 1 | |a RU |b 63413507 |c 20090623 |g PSBO | |
| 801 | 2 | |a RU |b 63413507 |c 20211224 |g PSBO | |
| 856 | 4 | |u http://www.lib.tpu.ru/fulltext/v/Bulletin_TPU/2010/v317/i4/43.pdf | |
| 942 | |c CF | ||